| 000 | 00628nam a22001817a 4500 | ||
|---|---|---|---|
| 003 | BUBTL | ||
| 008 | 190410b xxu||||| |||| 00| 0 eng d | ||
| 020 | _a978-984-401-109-0 | ||
| 082 | _a891.441 / AZS | ||
| 100 |
_92276 _aআজাদ, হুমায়ুন |
||
| 245 |
_aশ্রেষ্ঠ কবিতা / _cহুমায়ুন আজাদ |
||
| 260 |
_aঢাকা : _bআগামী প্রকাশনী, _cc1993 |
||
| 300 |
_a178 p. : _c22 cm. |
||
| 650 | 0 |
_91691 _aবাংলা সাহিত্য |
|
| 856 |
_k0 _l0 _yDownload |
||
| 942 |
_2ddc _cBK |
||
| 999 |
_c5973 _d5973 |
||